[Event "Budapest FS02 FM-A2"]
[Site "Budapest"]
[Date "2012.02.11"]
[Round "8"]
[White "Bayramsahedov, Rovshen"]
[Black "Juracsik, Jozsef"]
[Result "0-1"]
[WhiteElo "1987"]
[BlackElo "2155"]
[PlyCount "58"]
[EventDate "2012.02.04"]
[EventType "tourn"]
[EventRounds "9"]
[EventCountry "HUN"]
[SourceTitle "CBM 146 Extra"]
[Source "ChessBase"]
[SourceDate "2012.02.29"]
[SourceVersion "1"]
[SourceVersionDate "2012.02.29"]
[SourceQuality "1"]

1. e4 c5 2. Nf3 d6 3. d4 cxd4 4. Nxd4 Nf6 5. Nc3 a6 6. Bg5 e6 7. f4 h6 8. Bh4 Qb6 9. a3 Nc6 10. Bf2 Qc7 11. Be2 Bd7 12. Nf3 b5 13. Qd2 Be7 14. h3 Bc8 15. 0-0 Bb7 16. Rad1 0-0 17. Rfe1 Rfd8 18. Bd3 Nd7 19. f5 Nde5 20. Qf4 Nxf3+ 21. gxf3 Ne5 22. h4 Bf6 23. Kh1 exf5 24. Qxf5 Qc8 25. Qxc8 Raxc8 26. Kg2 Ng6 27. e5 Nf4+ 28. Kg3 Bxe5 29. Kg4 h5+ 0-1

[Event "Budapest FS02 FM-A2"]
[Site "Budapest"]
[Date "2012.02.08"]
[Round "5"]
[White "Lakat, Gyula"]
[Black "Bayramsahedov, Rovshen"]
[Result "1/2-1/2"]
[WhiteElo "1879"]
[BlackElo "1987"]
[PlyCount "80"]
[EventDate "2012.02.04"]
[EventType "tourn"]
[EventRounds "9"]
[EventCountry "HUN"]
[SourceTitle "CBM 146 Extra"]
[Source "ChessBase"]
[SourceDate "2012.02.29"]
[SourceVersion "1"]
[SourceVersionDate "2012.02.29"]
[SourceQuality "1"]

1. c4 e6 2. Nc3 d5 3. e3 Nf6 4. Nf3 c6 5. b3 Be7 6. Bb2 0-0 7. d4 b6 8. Bd3 Bb7 9. 0-0 Nbd7 10. e4 dxe4 11. Nxe4 c5 12. Qc2 h6 13. Rad1 Qc7 14. dxc5 Bxe4 15. Bxe4 Nxe4 16. Qxe4 bxc5 17. Be5 Nxe5 18. Qxe5 Qa5 19. Qe2 Rad8 20. Ne5 Qc7 21. f4 Bf6 22. g3 a5 23. Nf3 Ra8 24. Rd3 a4 25. Rfd1 axb3 26. axb3 Ra3 27. Ne5 Rfa8 28. Kg2 Ra2 29. R1d2 Rxd2 30. Rxd2 Ra3 31. Rd3 Qa5 32. Kh3 Ra1 33. Qh5 Bxe5 34. Qxe5 Qe1 35. Qxe1 Rxe1 36. Rd8+ Kh7 37. Rc8 Rb1 38. Rxc5 Rxb3 39. f5 exf5 40. Rxf5 Rc3 1/2-1/2

[Event "Budapest FS02 FM-A2"]
[Site "Budapest"]
[Date "2012.02.07"]
[Round "4"]
[White "Bayramsahedov, Rovshen"]
[Black "Koczo, Kristof"]
[Result "1/2-1/2"]
[WhiteElo "1987"]
[BlackElo "2152"]
[PlyCount "82"]
[EventDate "2012.02.04"]
[EventType "tourn"]
[EventRounds "9"]
[EventCountry "HUN"]
[SourceTitle "CBM 146 Extra"]
[Source "ChessBase"]
[SourceDate "2012.02.29"]
[SourceVersion "1"]
[SourceVersionDate "2012.02.29"]
[SourceQuality "1"]

1. e4 c5 2. Nf3 d6 3. d4 cxd4 4. Nxd4 Nf6 5. f3 e6 6. c4 Nc6 7. Nc3 d5 8. cxd5 exd5 9. Bb5 Bd7 10. exd5 Nxd4 11. Bxd7+ Qxd7 12. Qxd4 b6 13. Bg5 Be7 14. 0-0-0 Qf5 15. h4 0-0 16. d6 Rfd8 17. Qf4 Qxf4+ 18. Bxf4 Bf8 19. g4 Rac8 20. Kb1 Rd7 21. Rd3 Rcd8 22. Rhd1 Ne8 23. Ne4 f6 24. Kc2 Kf7 25. Bh2 Ke6 26. Ra3 Rc8+ 27. Kb1 Rc6 28. Re3 Kf7 29. Ra3 Ke6 30. Rc1 Rxc1+ 31. Kxc1 Nxd6 32. Nxd6 Bxd6 33. Re3+ Kf7 34. Bxd6 Rxd6 35. Kc2 Rd7 36. b4 Kg6 37. Kc3 h5 38. a4 hxg4 39. fxg4 Kf7 40. Kc4 Rd1 41. Re4 g6 1/2-1/2

[Event "Budapest FS02 FM-A2"]
[Site "Budapest"]
[Date "2012.02.06"]
[Round "3"]
[White "Ortel, Endre"]
[Black "Bayramsahedov, Rovshen"]
[Result "1/2-1/2"]
[WhiteElo "2286"]
[BlackElo "1987"]
[PlyCount "74"]
[EventDate "2012.02.04"]
[EventType "tourn"]
[EventRounds "9"]
[EventCountry "HUN"]
[SourceTitle "CBM 146 Extra"]
[Source "ChessBase"]
[SourceDate "2012.02.29"]
[SourceVersion "1"]
[SourceVersionDate "2012.02.29"]
[SourceQuality "1"]

1. e4 c5 2. Nf3 d6 3. d3 Nc6 4. g3 g6 5. Bg2 Bg7 6. 0-0 Nf6 7. c3 0-0 8. Na3 Rb8 9. h3 b5 10. Be3 b4 11. cxb4 Rxb4 12. Nc4 Be6 13. Nfd2 Nd7 14. f4 Nd4 15. Rb1 Nb6 16. b3 Nxc4 17. dxc4 Qa5 18. a4 Rfb8 19. Kh2 Bd7 20. Bxd4 cxd4 21. Qe2 e5 22. f5 f6 23. h4 Be8 24. Bh3 Qd8 25. fxg6 hxg6 26. Be6+ Bf7 27. Bxf7+ Kxf7 28. g4 Ke7 29. Qf2 Qh8 30. Kg2 Rf8 31. Rbc1 Rc8 32. Rh1 Qh6 33. Rh3 a5 34. Rf1 Rf8 35. Rc1 Rc8 36. Rf1 Rf8 37. Rc1 Rc8 1/2-1/2

[Event "Kiev Spring op"]
[Site "Kiev"]
[Date "2011.03.23"]
[Round "6.40"]
[White "Bayramsahedov, Rovshen"]
[Black "Pitkanen, Juhani"]
[Result "1/2-1/2"]
[WhiteElo "2070"]
[BlackElo "1735"]
[PlyCount "56"]
[EventDate "2011.03.19"]
[EventType "swiss"]
[EventRounds "9"]
[EventCountry "UKR"]
[SourceTitle "EXT 2012"]
[Source "ChessBase"]
[SourceDate "2011.11.24"]
[SourceVersion "1"]
[SourceVersionDate "2011.11.24"]
[SourceQuality "1"]

1. e4 c5 2. Nf3 e6 3. d4 cxd4 4. Nxd4 a6 5. Nc3 Qc7 6. Be3 Nc6 7. Be2 Nf6 8. 0-0 Be7 9. f4 d6 10. f5 0-0 11. Kh1 e5 12. Nf3 d5 13. Nxd5 Nxd5 14. Qxd5 Rd8 15. Qb3 b5 16. c3 Bb7 17. Ng5 Bf6 18. Bh5 Bxg5 19. Bxg5 Rd7 20. Rad1 Na5 21. Qc2 f6 22. Be3 Nc4 23. Bf2 Rad8 24. b3 Nd2 25. Rfe1 Qc6 26. Bf3 Nxf3 27. gxf3 g6 28. Rxd7 Qxd7 1/2-1/2

[Event "Kiev Spring op"]
[Site "Kiev"]
[Date "2011.03.20"]
[Round "3.41"]
[White "Grisha, Tatiana"]
[Black "Bayramsahedov, Rovshen"]
[Result "0-1"]
[WhiteElo "1756"]
[BlackElo "2070"]
[PlyCount "56"]
[EventDate "2011.03.19"]
[EventType "swiss"]
[EventRounds "9"]
[EventCountry "UKR"]
[SourceTitle "EXT 2012"]
[Source "ChessBase"]
[SourceDate "2011.11.24"]
[SourceVersion "1"]
[SourceVersionDate "2011.11.24"]
[SourceQuality "1"]

1. d4 Nf6 2. c4 e6 3. Nc3 b6 4. Bg5 Bb7 5. e3 h6 6. Bf4 d5 7. Nf3 a6 8. Rc1 dxc4 9. Bxc4 Bd6 10. Ne5 g5 11. Bg3 Bxg2 12. Rg1 Bb7 13. Qc2 Nbd7 14. Bxe6 Rf8 15. Bb3 Qe7 16. Nxd7 Qxd7 17. Be5 Ng4 18. Bg7 Nxh2 19. Nd5 Bxd5 20. Bxd5 Bb4+ 21. Kd1 Qxd5 22. Qa4+ Qb5 23. Qxb5+ axb5 24. Bxf8 Kxf8 25. a3 Bd6 26. Ke2 f5 27. Rg2 Re8 28. Rcg1 Ng4 0-1